[Event "Russian Higher League 2021"]
[Site "?"]
[Date "2021.06.30"]
[Round "5.18"]
[White "Kokarev, Dmitry"]
[Black "Smirnov, Anton"]
[Result "1-0"]
[WhiteElo "2618"]
[BlackElo "2154"]
[Annotator ""]
[Source ""]
[Remark ""]

1.e4 {[%clk 1:30:48]} c5 {[%clk 1:30:57]} 2.Nf3 {[%clk 1:31:08]}
Nc6 {[%clk 1:31:24]} 3.d4 {[%clk 1:31:26]} cxd4 {[%clk 1:31:50]}
4.Nxd4 {[%clk 1:31:48]} g6 {[%clk 1:32:17]} 5.c4 {[%clk 1:32:05]}
Nf6 {[%clk 1:32:43]} 6.Nc3 {[%clk 1:32:24]} d6 {[%clk 1:33:10]}
7.Be2 {[%clk 1:32:08]} Nxd4 {[%clk 1:33:35]} 8.Qxd4 {[%clk 1:32:29]}
Bg7 {[%clk 1:34:03]} 9.Be3 {[%clk 1:32:43]} O-O {[%clk 1:34:28]}
10.Qd2 {[%clk 1:33:03]} a5 {[%clk 1:34:55]} 11.f3 {[%clk 1:33:11]}
a4 {[%clk 1:35:22]} 12.Rc1 {[%clk 1:32:51]} Qa5 {[%clk 1:35:47]}
13.Kf2 {[%clk 1:33:08]} Rd8 {[%clk 1:36:11]} 14.g4 {[%clk 1:28:49]}
Nd7 {[%clk 1:20:50]} 15.h4 {[%clk 1:18:52]} Nc5 {[%clk 1:10:35]}
16.g5 {[%clk 1:06:13]} Bd7 {[%clk 1:01:28]} 17.h5 {[%clk 1:01:04]}
Bc6 {[%clk 0:59:49]} 18.Rhd1 {[%clk 0:51:48]} Rdc8 {[%clk 0:57:05]}
19.Bf1 {[%clk 0:49:14]} Kf8 {[%clk 0:50:56]} 20.Rc2 {[%clk 0:45:27]}
Rc7 {[%clk 0:35:24]} 21.Bh3 {[%clk 0:29:13]} Bd7 {[%clk 0:28:05]}
22.Bxd7 {[%clk 0:26:34]} Nxd7 {[%clk 0:28:18]} 23.Nb5 {[%clk 0:26:14]}
Qxd2+ {[%clk 0:28:14]} 24.Rdxd2 {[%clk 0:26:36]} Rc6 {[%clk 0:27:55]}
25.h6 {[%clk 0:26:46]} Bh8 {[%clk 0:27:42]} 26.b3 {[%clk 0:20:00]}
axb3 {[%clk 0:20:42]} 27.axb3 {[%clk 0:20:24]} f6 {[%clk 0:20:33]}
28.Ra2 {[%clk 0:16:50]} Raa6 {[%clk 0:17:27]} 29.Rxa6 {[%clk 0:10:13]}
bxa6 {[%clk 0:17:35]} 30.Na7 {[%clk 0:08:19]} Rc7 {[%clk 0:17:58]}
31.Ra2 {[%clk 0:08:39]} Nb8 {[%clk 0:14:59]} 32.Ke2 {[%clk 0:08:41]}
fxg5 {[%clk 0:14:56]} 33.Kd3 {[%clk 0:08:57]} Rb7 {[%clk 0:11:30]}
34.Kc2 {[%clk 0:09:16]} Rc7 {[%clk 0:10:39]} 35.Ra4 {[%clk 0:06:59]}
Kf7 {[%clk 0:09:56]} 36.Kd3 {[%clk 0:05:53]} Ke6 {[%clk 0:08:08]}
37.Rb4 {[%clk 0:02:50]} Nd7 {[%clk 0:08:21]} 38.Ra4 {[%clk 0:03:13]}
Ne5+ {[%clk 0:07:06]} 39.Kc2 {[%clk 0:02:55]} Nxf3 {[%clk 0:05:49]}
40.Rxa6 {[%clk 0:33:18]} g4 {[%clk 0:33:02]} 41.Nb5 {[%clk 0:32:51]}
Rb7 {[%clk 0:29:18]} 42.Kd3 {[%clk 0:31:46]} Be5 {[%clk 0:25:37]}
43.Ke2 {[%clk 0:30:27]} g5 {[%clk 0:23:52]} 44.b4 {[%clk 0:29:39]}
Kf7 {[%clk 0:22:31]} 45.Ra8 {[%clk 0:27:23]} Bf6 {[%clk 0:19:48]}
46.Ra7 {[%clk 0:26:22]} Rxa7 {[%clk 0:19:59]} 47.Nxa7 {[%clk 0:26:44]}
Ne5 {[%clk 0:12:59]} 48.c5 {[%clk 0:27:05]} dxc5 {[%clk 0:13:24]}
49.bxc5 {[%clk 0:25:55]} Kg6 {[%clk 0:09:53]} 50.c6 {[%clk 0:25:49]}
Nxc6 {[%clk 0:10:19]} 51.Nxc6 {[%clk 0:26:13]} Kxh6 {[%clk 0:10:25]}
52.e5 {[%clk 0:24:48]} Kg6 {[%clk 0:09:31]} 53.exf6 {[%clk 0:21:13]}
exf6 {[%clk 0:10:00]} 54.Bd4 {[%clk 0:21:26]} h5 {[%clk 0:09:02]}
55.Ke3 {[%clk 0:21:09]} Kf5 {[%clk 0:08:45]} 56.Bb6 {[%clk 0:18:58]}
h4 {[%clk 0:06:09]} 57.Nd4+ {[%clk 0:19:10]} Ke5 {[%clk 0:06:06]}
58.Bc7+ {[%clk 0:19:22]} Kd5 {[%clk 0:06:35]} 59.Bd8 {[%clk 0:19:13]}
Ke5 {[%clk 0:06:56]} 60.Ne2 {[%clk 0:18:58]} g3 {[%clk 0:05:21]}
61.Nd4 {[%clk 0:15:30]} g4 {[%clk 0:05:04]} 62.Bc7+ {[%clk 0:15:42]}
Kd5 {[%clk 0:05:32]} 63.Nf5 {[%clk 0:15:15]} g2 {[%clk 0:04:55]}
64.Bh2 {[%clk 0:14:11]} g3 {[%clk 0:03:56]} 65.Bg1 {[%clk 0:14:31]}
h3 {[%clk 0:04:06]} 66.Nxg3 {[%clk 0:14:53]} Ke5 {[%clk 0:04:29]}
67.Kf3 {[%clk 0:15:13]} f5 {[%clk 0:04:36]} 68.Ne2 {[%clk 0:15:33]}
Kd5 {[%clk 0:04:50]} 69.Nf4+ {[%clk 0:15:51]} Ke5 {[%clk 0:05:17]}
70.Nxh3 {[%clk 0:16:14]} Kd5 {[%clk 0:05:44]} 71.Nf4+ {[%clk 0:16:31]}
Ke5 {[%clk 0:06:11]} 72.Be3 {[%clk 0:16:52]} Kf6 {[%clk 0:06:34]}
73.Kxg2 {[%clk 0:17:14]} Ke5 {[%clk 0:07:00]} 74.Kf3 {[%clk 0:17:36]}
Kd6 {[%clk 0:07:26]} 75.Bd4 {[%clk 0:18:01]} Kc6 {[%clk 0:07:53]}
76.Ke3 {[%clk 0:18:23]} Kd6 {[%clk 0:08:20]} 77.Kd3 {[%clk 0:18:47]}
Kc6 {[%clk 0:08:45]} 78.Kc4 {[%clk 0:19:09]} Kd6 {[%clk 0:09:12]}
79.Bf6 {[%clk 0:19:27]} Kc6 {[%clk 0:09:39]} 80.Be5 {[%clk 0:19:49]}
Kb6 {[%clk 0:10:05]} 81.Ne2 {[%clk 0:20:11]} Kc6 {[%clk 0:10:31]}
82.Nd4+ {[%clk 0:20:33]} Kb6 {[%clk 0:10:58]} 83.Nxf5 {[%clk 0:20:54]}
Kc6 {[%clk 0:11:25]} 84.Nd4+ {[%clk 0:21:15]} Kb6 {[%clk 0:11:52]}
85.Bd6 {[%clk 0:21:20]} Ka6 {[%clk 0:12:14]} 86.Kc5 {[%clk 0:20:48]}
Kb7 {[%clk 0:12:24]} 87.Nc6 {[%clk 0:19:53]} Ka6 {[%clk 0:12:45]}
88.Bc7 {[%clk 0:19:53]} Kb7 {[%clk 0:13:14]} 89.Bb6 {[%clk 0:20:08]}
Ka6 {[%clk 0:13:36]} 90.Nd4 {[%clk 0:20:16]} Kb7 {[%clk 0:14:05]}
91.Kb5 {[%clk 0:20:35]} Kb8 {[%clk 0:14:20]} 92.Kc6 {[%clk 0:20:57]}
Ka8 {[%clk 0:14:44]} 93.Ne6 {[%clk 0:21:21]} Kb8 {[%clk 0:15:10]}
94.Nc7 {[%clk 0:21:25]} Kc8 {[%clk 0:15:39]} 95.Ba7 {[%clk 0:21:48]}
Kd8 {[%clk 0:16:08]} 96.Nd5 {[%clk 0:22:06]} Kc8 {[%clk 0:16:30]}
97.Ne7+ {[%clk 0:22:29]} Kd8 {[%clk 0:16:59]} 98.Kd6 {[%clk 0:22:52]}
Ke8 {[%clk 0:17:28]} 99.Ke6 {[%clk 0:23:14]} Kd8 {[%clk 0:17:53]}
100.Bb6+ {[%clk 0:23:37]} Ke8 {[%clk 0:18:22]} 101.Bc7 {[%clk 0:23:38]}
Kf8 {[%clk 0:18:50]} 102.Nf5 {[%clk 0:24:00]} Kg8 {[%clk 0:19:15]}
103.Kf6 {[%clk 0:24:11]} Kf8 {[%clk 0:19:41]} 104.Ng7 {[%clk 0:24:34]}
Kg8 {[%clk 0:20:10]} 105.Kg6 {[%clk 0:24:56]} Kf8 {[%clk 0:20:36]}
106.Bd6+ {[%clk 0:25:21]} Kg8 {[%clk 0:21:05]} 107.Nf5 {[%clk 0:25:42]}
Kh8 {[%clk 0:21:32]} 108.Bc5 {[%clk 0:26:04]} 1-0

[Event "Russian Higher League 2021"]
[Site "?"]
[Date "2021.06.30"]
[Round "5.19"]
[White "Zabotin, Alexander"]
[Black "Saveliev, Alexei"]
[Result "0-1"]
[WhiteElo "2506"]
[BlackElo "2381"]
[Annotator ""]
[Source ""]
[Remark ""]

1.d4 {[%clk 1:30:55]} Nf6 {[%clk 1:30:55]} 2.c4 {[%clk 1:31:21]}
e6 {[%clk 1:31:22]} 3.Nf3 {[%clk 1:31:47]} b6 {[%clk 1:31:47]}
4.g3 {[%clk 1:32:12]} Ba6 {[%clk 1:28:28]} 5.b3 {[%clk 1:32:36]}
Bb4+ {[%clk 1:26:47]} 6.Bd2 {[%clk 1:33:01]} Be7 {[%clk 1:27:08]}
7.Bg2 {[%clk 1:33:26]} c6 {[%clk 1:27:35]} 8.Bc3 {[%clk 1:33:50]}
d5 {[%clk 1:28:01]} 9.Nbd2 {[%clk 1:33:59]} O-O {[%clk 1:28:21]}
10.O-O {[%clk 1:34:24]} Nbd7 {[%clk 1:26:28]} 11.Qc2 {[%clk 1:34:15]}
Rc8 {[%clk 1:26:06]} 12.Rfd1 {[%clk 1:31:51]} c5 {[%clk 1:13:49]}
13.dxc5 {[%clk 1:31:30]} Nxc5 {[%clk 1:10:06]} 14.Ng5 {[%clk 1:20:15]}
h6 {[%clk 1:05:59]} 15.Bxf6 {[%clk 1:20:07]} hxg5 {[%clk 1:06:25]}
16.Bc3 {[%clk 1:09:16]} Bf6 {[%clk 1:01:08]} 17.Nf3 {[%clk 1:08:56]}
Ne4 {[%clk 0:55:49]} 18.Bxf6 {[%clk 1:03:51]} Qxf6 {[%clk 0:56:10]}
19.e3 {[%clk 1:04:17]} b5 {[%clk 0:54:41]} 20.Nd4 {[%clk 1:04:30]}
bxc4 {[%clk 0:46:12]} 21.Bxe4 {[%clk 1:02:41]} cxb3 {[%clk 0:46:29]}
22.Qb2 {[%clk 0:57:39]} dxe4 {[%clk 0:46:47]} 23.axb3 {[%clk 0:58:04]}
Bd3 {[%clk 0:45:39]} 24.Rdc1 {[%clk 0:58:28]} e5 {[%clk 0:29:41]}
25.Ne2 {[%clk 0:58:51]} Qf3 {[%clk 0:28:24]} 26.Nc3 {[%clk 0:48:56]}
Rfd8 {[%clk 0:25:47]} 27.Ra5 {[%clk 0:48:16]} a6 {[%clk 0:18:27]}
28.Rd5 {[%clk 0:40:06]} Rxd5 {[%clk 0:18:23]} 29.Nxd5 {[%clk 0:40:27]}
Rc2 {[%clk 0:18:51]} 0-1

[Event "Russian Higher League 2021"]
[Site "?"]
[Date "2021.06.30"]
[Round "5.20"]
[White "Belyakov, Bogdan"]
[Black "Grigorjev, Iljya"]
[Result "1/2-1/2"]
[WhiteElo "2465"]
[BlackElo "2377"]
[Annotator ""]
[Source ""]
[Remark ""]

1.e4 {[%clk 1:30:57]} e5 {[%clk 1:30:54]} 2.Nf3 {[%clk 1:31:24]}
Nc6 {[%clk 1:31:18]} 3.Bc4 {[%clk 1:31:50]} Nf6 {[%clk 1:31:41]}
4.d4 {[%clk 1:31:11]} exd4 {[%clk 1:32:03]} 5.O-O {[%clk 1:31:20]}
Nxe4 {[%clk 1:32:16]} 6.Re1 {[%clk 1:31:43]} d5 {[%clk 1:32:42]}
7.Bxd5 {[%clk 1:32:09]} Qxd5 {[%clk 1:33:08]} 8.Nc3 {[%clk 1:32:34]}
Qd7 {[%clk 1:33:33]} 9.Nxe4 {[%clk 1:21:32]} Be7 {[%clk 1:33:54]}
10.Bg5 {[%clk 1:19:49]} O-O {[%clk 1:34:16]} 11.Bxe7 {[%clk 1:20:16]}
Qxe7 {[%clk 1:34:40]} 12.Nxd4 {[%clk 1:20:39]} Bd7 {[%clk 1:34:59]}
13.Nc3 {[%clk 1:06:48]} Qf6 {[%clk 1:35:14]} 14.Ndb5 {[%clk 1:06:06]}
Rad8 {[%clk 1:35:37]} 15.Nxc7 {[%clk 0:59:35]} Nb4 {[%clk 1:36:02]}
16.N7d5 {[%clk 0:55:45]} Nxd5 {[%clk 1:36:23]} 17.Nxd5 {[%clk 0:52:06]}
Qxb2 {[%clk 1:36:43]} 18.c4 {[%clk 0:52:28]} Be6 {[%clk 1:34:49]}
19.Qd3 {[%clk 0:46:00]} Rd7 {[%clk 1:24:30]} 20.Rab1 {[%clk 0:38:49]}
Qxa2 {[%clk 1:24:53]} 21.Ra1 {[%clk 0:39:16]} Qb2 {[%clk 1:25:17]}
22.Rab1 {[%clk 0:39:43]} Qa2 {[%clk 1:25:42]} 23.Ra1 {[%clk 0:40:10]}
Qb2 {[%clk 1:26:08]} 24.Rab1 {[%clk 0:40:13]} Qa2 1/2-1/2

[Event "Russian Higher League 2021"]
[Site "?"]
[Date "2021.06.30"]
[Round "5.21"]
[White "Grachev, Alexey"]
[Black "Makarian, Rudik"]
[Result "1/2-1/2"]
[WhiteElo "2347"]
[BlackElo "2460"]
[Annotator ""]
[Source ""]
[Remark ""]

1.c4 {[%clk 1:30:57]} g6 {[%clk 1:30:56]} 2.Nc3 {[%clk 1:31:19]}
Bg7 {[%clk 1:31:23]} 3.d4 {[%clk 1:31:41]} c5 {[%clk 1:31:41]}
4.d5 {[%clk 1:32:02]} Bxc3+ {[%clk 1:32:08]} 5.bxc3 {[%clk 1:32:27]}
f5 {[%clk 1:32:36]} 6.h4 {[%clk 1:31:17]} d6 {[%clk 1:33:01]}
7.h5 {[%clk 1:25:30]} Qa5 {[%clk 1:33:28]} 8.hxg6 {[%clk 1:10:11]}
hxg6 {[%clk 1:33:53]} 9.Rxh8 {[%clk 1:10:38]} Qxc3+ {[%clk 1:34:17]}
10.Qd2 {[%clk 1:11:02]} Qxh8 {[%clk 1:34:35]} 11.Bb2 {[%clk 1:11:28]}
Nf6 {[%clk 1:30:23]} 12.Qg5 {[%clk 1:05:03]} Qg7 {[%clk 1:23:20]}
13.Nh3 {[%clk 1:03:47]} Nbd7 {[%clk 1:19:35]} 14.Nf4 {[%clk 0:58:36]}
Kf7 {[%clk 1:09:19]} 15.Ne6 {[%clk 0:42:38]} Qh8 {[%clk 1:09:35]}
16.e4 {[%clk 0:39:58]} Nf8 {[%clk 1:01:35]} 17.Nc7 {[%clk 0:35:42]}
Rb8 {[%clk 1:01:29]} 18.e5 {[%clk 0:35:44]} dxe5 {[%clk 0:52:45]}
19.Bxe5 {[%clk 0:35:09]} N8d7 {[%clk 0:53:07]} 20.Bb2 {[%clk 0:25:43]}
Ne4 {[%clk 0:52:53]} 21.Qxe7+ {[%clk 0:17:37]} Kxe7 {[%clk 0:53:22]}
22.Bxh8 {[%clk 0:18:05]} Ndf6 {[%clk 0:53:39]} 23.f3 {[%clk 0:16:05]}
Nd6 {[%clk 0:53:58]} 24.Bg7 {[%clk 0:15:59]} Bd7 {[%clk 0:54:17]}
25.Kd2 {[%clk 0:14:30]} Rc8 {[%clk 0:49:28]} 26.Ne6 {[%clk 0:13:48]}
Bxe6 {[%clk 0:30:34]} 27.Re1 {[%clk 0:13:44]} Nfe4+ {[%clk 0:30:58]}
28.fxe4 {[%clk 0:14:05]} Nxe4+ {[%clk 0:31:26]} 29.Rxe4 {[%clk 0:14:23]}
fxe4 {[%clk 0:31:54]} 30.dxe6 {[%clk 0:14:47]} Rc6 {[%clk 0:32:21]}
31.Bb2 {[%clk 0:10:14]} Rd6+ {[%clk 0:28:42]} 32.Kc2 {[%clk 0:09:55]}
Rxe6 {[%clk 0:29:10]} 33.Be2 {[%clk 0:09:59]} g5 {[%clk 0:27:49]}
34.g4 {[%clk 0:08:21]} Rh6 {[%clk 0:27:17]} 35.Kd2 {[%clk 0:07:51]}
Rh3 {[%clk 0:26:45]} 36.Bc3 {[%clk 0:08:13]} Ke6 {[%clk 0:26:41]}
37.Bb2 {[%clk 0:07:42]} a6 {[%clk 0:17:28]} 38.a4 {[%clk 0:04:48]}
b6 {[%clk 0:10:32]} 39.Bc3 {[%clk 0:05:08]} Rg3 {[%clk 0:03:54]}
40.Kc2 {[%clk 0:35:02]} Rh3 {[%clk 0:33:08]} 41.Kd2 {[%clk 0:33:26]}
Rg3 {[%clk 0:31:54]} 42.Kc2 {[%clk 0:33:53]} Rg1 {[%clk 0:29:39]}
43.Kd2 {[%clk 0:32:52]} 1/2-1/2

[Event "Russian Higher League 2021"]
[Site "?"]
[Date "2021.06.30"]
[Round "5.22"]
[White "Pogosyan, Stefan"]
[Black "Samojlov, Anton"]
[Result "1-0"]
[WhiteElo "2413"]
[BlackElo "2372"]
[Annotator ""]
[Source ""]
[Remark ""]

1.Nf3 {[%clk 1:30:58]} Nf6 {[%clk 1:29:20]} 2.g3 {[%clk 1:31:08]}
e6 {[%clk 1:29:19]} 3.Bg2 {[%clk 1:30:53]} d5 {[%clk 1:29:28]}
4.O-O {[%clk 1:31:15]} c5 {[%clk 1:29:43]} 5.c4 {[%clk 1:31:03]}
dxc4 {[%clk 1:17:49]} 6.Na3 {[%clk 1:26:45]} Be7 {[%clk 1:17:13]}
7.Nxc4 {[%clk 1:27:06]} Nc6 {[%clk 1:15:40]} 8.b3 {[%clk 1:25:31]}
O-O {[%clk 1:13:53]} 9.Bb2 {[%clk 1:25:58]} Qc7 {[%clk 1:06:49]}
10.d4 {[%clk 1:17:18]} Rd8 {[%clk 1:05:00]} 11.Nce5 {[%clk 1:07:49]}
cxd4 {[%clk 0:57:14]} 12.Qc2 {[%clk 0:59:03]} Nd5 {[%clk 0:53:19]}
13.Nxc6 {[%clk 0:57:39]} Qxc6 {[%clk 0:52:57]} 14.Qxc6 {[%clk 0:55:39]}
bxc6 {[%clk 0:53:25]} 15.Nxd4 {[%clk 0:52:04]} Bd7 {[%clk 0:52:46]}
16.Rac1 {[%clk 0:50:52]} Rac8 {[%clk 0:48:03]} 17.Rfd1 {[%clk 0:45:19]}
c5 {[%clk 0:45:02]} 18.Nf5 {[%clk 0:45:18]} exf5 {[%clk 0:39:11]}
19.Bxd5 {[%clk 0:45:44]} Be6 {[%clk 0:36:26]} 20.Bxe6 {[%clk 0:38:53]}
fxe6 {[%clk 0:36:36]} 21.Kf1 {[%clk 0:36:52]} Rxd1+ {[%clk 0:32:24]}
22.Rxd1 {[%clk 0:37:11]} Rd8 {[%clk 0:32:38]} 23.Rxd8+ {[%clk 0:31:49]}
Bxd8 {[%clk 0:33:06]} 24.e3 {[%clk 0:29:36]} Kf7 {[%clk 0:28:51]}
25.Ke2 {[%clk 0:30:01]} g5 {[%clk 0:28:52]} 26.Kd3 {[%clk 0:29:47]}
Ke7 {[%clk 0:28:39]} 27.Kc4 {[%clk 0:30:10]} Kd6 {[%clk 0:29:01]}
28.Kb5 {[%clk 0:23:06]} Kd5 {[%clk 0:27:51]} 29.Ka6 {[%clk 0:22:47]}
g4 {[%clk 0:23:42]} 30.Kxa7 {[%clk 0:18:25]} Ba5 {[%clk 0:22:55]}
31.Bc1 {[%clk 0:12:47]} Kc6 {[%clk 0:14:50]} 32.e4 {[%clk 0:11:04]}
c4 {[%clk 0:13:55]} 33.exf5 {[%clk 0:08:14]} exf5 {[%clk 0:09:55]}
34.Ka6 {[%clk 0:02:03]} Be1 {[%clk 0:10:13]} 35.Be3 {[%clk 0:02:24]}
cxb3 {[%clk 0:07:10]} 36.axb3 {[%clk 0:02:45]} h5 {[%clk 0:07:02]}
37.Ba7 {[%clk 0:02:06]} Bb4 {[%clk 0:06:51]} 38.Bb6 {[%clk 0:01:53]}
Be7 {[%clk 0:04:13]} 39.Be3 {[%clk 0:00:49]} h4 {[%clk 0:04:25]}
40.gxh4 {[%clk 0:30:54]} Bxh4 {[%clk 0:31:10]} 41.b4 {[%clk 0:31:06]}
Bd8 {[%clk 0:27:52]} 42.b5+ {[%clk 0:30:50]} Kd5 {[%clk 0:28:21]}
43.b6 {[%clk 0:31:02]} Ke4 {[%clk 0:28:38]} 44.Kb5 {[%clk 0:24:34]}
Bf6 {[%clk 0:19:45]} 45.Kc6 {[%clk 0:24:09]} Be5 {[%clk 0:20:13]}
46.Bc5 {[%clk 0:24:32]} 1-0

[Event "Russian Higher League 2021"]
[Site "?"]
[Date "2021.06.30"]
[Round "5.23"]
[White "Truskavetsky, Alexandr"]
[Black "Tugarin, Anton"]
[Result "1-0"]
[WhiteElo "2386"]
[BlackElo "2247"]
[Annotator ""]
[Source ""]
[Remark ""]

1.Nf3 {[%clk 1:30:32]} d5 {[%clk 1:28:54]} 2.g3 {[%clk 1:30:42]}
Nf6 {[%clk 1:26:56]} 3.Bg2 {[%clk 1:31:02]} c6 {[%clk 1:27:01]}
4.d4 {[%clk 1:29:12]} Bf5 {[%clk 1:27:11]} 5.c4 {[%clk 1:29:19]}
e6 {[%clk 1:27:24]} 6.Nc3 {[%clk 1:29:33]} Nbd7 {[%clk 1:25:50]}
7.Qb3 {[%clk 1:29:51]} Qb6 {[%clk 1:21:04]} 8.c5 {[%clk 1:29:57]}
Qxb3 {[%clk 0:54:33]} 9.axb3 {[%clk 1:30:14]} a6 {[%clk 0:53:58]}
10.b4 {[%clk 1:30:26]} Rc8 {[%clk 0:46:22]} 11.h3 {[%clk 1:30:37]}
h6 {[%clk 0:45:31]} 12.g4 {[%clk 1:30:34]} Bh7 {[%clk 0:45:11]}
13.Bf4 {[%clk 1:30:51]} Ne4 {[%clk 0:44:05]} 14.h4 {[%clk 1:22:58]}
h5 {[%clk 0:33:47]} 15.g5 {[%clk 1:17:30]} Be7 {[%clk 0:29:48]}
16.Nd2 {[%clk 1:09:38]} Nxd2 {[%clk 0:29:39]} 17.Kxd2 {[%clk 1:09:55]}
Bg6 {[%clk 0:18:56]} 18.e4 {[%clk 0:54:57]} dxe4 {[%clk 0:18:42]}
19.Nxe4 {[%clk 0:55:15]} Bxe4 {[%clk 0:14:45]} 20.Bxe4 {[%clk 0:55:03]}
O-O {[%clk 0:15:12]} 21.Kc3 {[%clk 0:35:22]} Rfe8 {[%clk 0:11:35]}
22.Rhe1 {[%clk 0:18:52]} g6 {[%clk 0:09:00]} 23.Bg3 {[%clk 0:17:38]}
Bf8 {[%clk 0:08:30]} 24.f4 {[%clk 0:13:39]} Bg7 {[%clk 0:08:31]}
25.Bf2 {[%clk 0:13:55]} Red8 {[%clk 0:08:42]} 26.Bf3 {[%clk 0:13:33]}
Kf8 {[%clk 0:08:08]} 27.Kc4 {[%clk 0:13:12]} Kg8 {[%clk 0:08:11]}
28.Kb3 {[%clk 0:12:35]} Kf8 {[%clk 0:07:29]} 29.Rad1 {[%clk 0:10:12]}
Bh8 {[%clk 0:07:19]} 30.f5 {[%clk 0:08:01]} exf5 {[%clk 0:07:35]}
31.Bg3 {[%clk 0:07:43]} Re8 {[%clk 0:07:08]} 32.d5 {[%clk 0:07:44]}
Ne5 {[%clk 0:06:28]} 33.Bg2 {[%clk 0:03:22]} Bg7 {[%clk 0:03:01]}
34.Re2 {[%clk 0:02:20]} cxd5 {[%clk 0:02:03]} 35.Rde1 {[%clk 0:02:30]}
f6 {[%clk 0:00:35]} 36.gxf6 {[%clk 0:02:45]} Bxf6 {[%clk 0:01:00]}
37.Bxe5 {[%clk 0:03:07]} Bxe5 {[%clk 0:00:35]} 38.Rxe5 {[%clk 0:03:33]}
Rxe5 {[%clk 0:00:34]} 39.Rxe5 {[%clk 0:04:00]} Rc7 {[%clk 0:00:42]}
40.Bxd5 {[%clk 0:33:53]} Kg7 {[%clk 0:30:48]} 41.Re6 {[%clk 0:33:45]}
Rd7 {[%clk 0:31:00]} 42.Kc4 {[%clk 0:33:57]} f4 {[%clk 0:31:00]}
43.Rb6 {[%clk 0:33:00]} 1-0

[Event "Russian Higher League 2021"]
[Site "?"]
[Date "2021.06.30"]
[Round "5.24"]
[White "Gitelson, Arkady"]
[Black "Ibadov, Dashgyn"]
[Result "0-1"]
[WhiteElo "2230"]
[BlackElo "2285"]
[Annotator ""]
[Source ""]
[Remark ""]

1.d4 {[%clk 1:28:00]} d5 {[%clk 1:30:35]} 2.Nf3 {[%clk 1:28:27]}
Nf6 {[%clk 1:30:57]} 3.g3 {[%clk 1:28:46]} e6 {[%clk 1:30:55]}
4.Bg2 {[%clk 1:29:13]} Be7 {[%clk 1:31:18]} 5.O-O {[%clk 1:29:38]}
O-O {[%clk 1:31:45]} 6.c4 {[%clk 1:30:05]} c6 {[%clk 1:32:02]}
7.Nc3 {[%clk 1:30:31]} Nbd7 {[%clk 1:32:06]} 8.Nd2 {[%clk 1:30:57]}
b5 {[%clk 1:31:02]} 9.cxb5 {[%clk 1:23:02]} cxb5 {[%clk 1:31:28]}
10.Nxb5 {[%clk 1:23:20]} Qb6 {[%clk 1:31:52]} 11.Qa4 {[%clk 1:20:30]}
Bb7 {[%clk 1:31:55]} 12.Nc3 {[%clk 1:13:52]} Bc6 {[%clk 1:31:40]}
13.Qd1 {[%clk 1:06:05]} Qxd4 {[%clk 1:31:58]} 14.Nb3 {[%clk 1:06:31]}
Qxd1 {[%clk 1:20:46]} 15.Rxd1 {[%clk 1:06:58]} a5 {[%clk 1:18:19]}
16.Nd4 {[%clk 1:06:30]} Bb7 {[%clk 1:18:39]} 17.Ncb5 {[%clk 1:04:30]}
a4 {[%clk 1:09:02]} 18.Bf4 {[%clk 0:57:30]} e5 {[%clk 0:44:33]}
19.Nf5 {[%clk 0:57:57]} Bc5 {[%clk 0:44:55]} 20.Be3 {[%clk 0:56:36]}
Bxe3 {[%clk 0:36:38]} 21.Nxe3 {[%clk 0:57:01]} Ra5 {[%clk 0:34:28]}
22.Nd6 {[%clk 0:46:30]} Ba8 {[%clk 0:34:23]} 23.b4 {[%clk 0:37:27]}
axb3 {[%clk 0:28:32]} 24.axb3 {[%clk 0:37:12]} Rxa1 {[%clk 0:27:53]}
25.Rxa1 {[%clk 0:37:34]} Nb6 {[%clk 0:18:36]} 26.Ra6 {[%clk 0:33:26]}
Nfd7 {[%clk 0:17:31]} 27.Ra7 {[%clk 0:12:33]} Rd8 {[%clk 0:16:18]}
28.Ng4 {[%clk 0:09:28]} Kf8 {[%clk 0:13:49]} 29.Bh3 {[%clk 0:09:11]}
f6 {[%clk 0:11:36]} 30.Ne3 {[%clk 0:09:12]} g6 {[%clk 0:09:47]}
31.Nb5 {[%clk 0:06:56]} Bc6 {[%clk 0:09:12]} 32.Nc7 {[%clk 0:03:46]}
Ke7 {[%clk 0:09:25]} 33.b4 {[%clk 0:03:24]} d4 {[%clk 0:06:38]}
34.b5 {[%clk 0:03:49]} Be4 {[%clk 0:06:26]} 35.f3 {[%clk 0:03:10]}
Bxf3 {[%clk 0:06:24]} 36.exf3 {[%clk 0:01:16]} dxe3 {[%clk 0:06:49]}
37.Kf1 {[%clk 0:01:45]} Kd6 {[%clk 0:06:11]} 38.Ke2 {[%clk 0:01:06]}
f5 {[%clk 0:04:26]} 39.Na6 {[%clk 0:00:52]} Nd5 {[%clk 0:03:13]}
40.f4 {[%clk 0:30:48]} e4 {[%clk 0:32:51]} 0-1

[Event "Russian Higher League 2021"]
[Site "?"]
[Date "2021.06.30"]
[Round "5.25"]
[White "Rudovskii, Filipp"]
[Black "Borisov, Maxim S."]
[Result "1/2-1/2"]
[WhiteElo "2260"]
[BlackElo "2051"]
[Annotator ""]
[Source ""]
[Remark ""]

1.e4 {[%clk 1:30:58]} c6 {[%clk 1:30:54]} 2.d4 {[%clk 1:31:25]}
d5 {[%clk 1:31:17]} 3.e5 {[%clk 1:31:54]} c5 {[%clk 1:31:40]}
4.dxc5 {[%clk 1:32:08]} e6 {[%clk 1:32:02]} 5.a3 {[%clk 1:32:36]}
Bxc5 {[%clk 1:32:23]} 6.b4 {[%clk 1:33:05]} Bb6 {[%clk 1:32:45]}
7.Qg4 {[%clk 1:32:58]} Ne7 {[%clk 1:33:01]} 8.Qxg7 {[%clk 1:33:21]}
Rg8 {[%clk 1:33:24]} 9.Qxh7 {[%clk 1:33:47]} Bd4 {[%clk 1:32:04]}
10.Ra2 {[%clk 1:32:31]} Bxe5 {[%clk 1:32:27]} 11.Nf3 {[%clk 1:32:55]}
Bf6 {[%clk 1:31:07]} 12.Bb2 {[%clk 1:33:19]} Bxb2 {[%clk 1:31:30]}
13.Rxb2 {[%clk 1:33:47]} Qc7 {[%clk 1:31:37]} 14.c4 {[%clk 1:33:16]}
Nbc6 {[%clk 1:17:17]} 15.Nbd2 {[%clk 1:20:27]} Bd7 {[%clk 1:13:47]}
16.Rc2 {[%clk 1:19:08]} Qf4 {[%clk 1:09:33]} 17.Qh4 {[%clk 1:14:11]}
Qf5 {[%clk 1:07:09]} 18.Rc3 {[%clk 1:07:47]} Rg4 {[%clk 0:49:56]}
19.Qh8+ {[%clk 1:08:10]} Rg8 {[%clk 0:50:08]} 20.Qh6 {[%clk 1:04:30]}
Rg6 {[%clk 0:48:21]} 21.Qe3 {[%clk 0:58:20]} Qf6 {[%clk 0:48:39]}
22.Rc1 {[%clk 0:58:46]} Nf5 {[%clk 0:44:50]} 23.Qc3 {[%clk 0:58:30]}
Ncd4 {[%clk 0:40:19]} 24.g3 {[%clk 0:55:19]} dxc4 {[%clk 0:38:04]}
25.Nxd4 {[%clk 0:46:29]} Nxd4 {[%clk 0:38:00]} 26.Bg2 {[%clk 0:45:56]}
Bc6 {[%clk 0:32:58]} 27.Bxc6+ {[%clk 0:45:11]} bxc6 {[%clk 0:32:35]}
28.Qxc4 {[%clk 0:44:26]} Rd8 {[%clk 0:30:44]} 29.O-O {[%clk 0:42:39]}
Qf5 {[%clk 0:30:21]} 30.f4 {[%clk 0:40:06]} Qh3 {[%clk 0:25:22]}
31.Rf2 {[%clk 0:34:04]} Rd5 {[%clk 0:22:42]} 32.Nb3 {[%clk 0:28:56]}
Rxg3+ {[%clk 0:20:41]} 33.hxg3 {[%clk 0:29:21]} Qxg3+ {[%clk 0:21:07]}
34.Rg2 {[%clk 0:27:01]} Qe3+ {[%clk 0:20:57]} 35.Kf1 {[%clk 0:27:14]}
Qf3+ {[%clk 0:19:19]} 36.Kg1 {[%clk 0:27:38]} Qe3+ {[%clk 0:19:41]}
37.Kf1 {[%clk 0:28:04]} Qf3+ {[%clk 0:20:06]} 38.Kg1 {[%clk 0:28:30]}
Qe3+ {[%clk 0:20:26]} 39.Kf1 {[%clk 0:28:56]} 1/2-1/2